Edades radiométricas de rocas intrusivas y metamórficas de la hoja Valparaíso - San Antonio
محفوظ في:
| المؤلفون الرئيسيون: | , |
|---|---|
| التنسيق: | كتاب |
| اللغة: | الإسبانية |
| منشور في: |
Santiago
Instituto de Investigaciones Geológicas
1972
|
| سلاسل: | Boletín, 28
|
| الموضوعات: | |
| الوسوم: |
إضافة وسم
لا توجد وسوم, كن أول من يضع وسما على هذه التسجيلة!
|
MARC
| LEADER | 00000nam a2200000 a 4500 | ||
|---|---|---|---|
| 001 | UCU8307 | ||
| 003 | CL-VaPUC | ||
| 008 | 960719e19720000CL |||||||||||||||||spa|d | ||
| 082 | 0 | 4 | |a 553.52 |b COR |2 21 |
| 100 | 0 | |a Corvalán D., José |e author |9 367597 | |
| 700 | 0 | |a Munizaga S., Fernando |e author |9 367598 | |
| 245 | 1 | 0 | |a Edades radiométricas de rocas intrusivas y metamórficas de la hoja Valparaíso - San Antonio |
| 300 | |a 40 p | ||
| 942 | |c BK | ||
| 945 | |d 19960719 00:00:00 |a paguirre | ||
| 260 | |a Santiago |b Instituto de Investigaciones Geológicas |c 1972 | ||
| 500 | |a Incluye: Mapa geológico de la hoja Valparaíso - San Antonio | ||
| 650 | 0 | |a Geología |9 260984 | |
| 650 | 7 | |a RADIOMETRIA |2 CL-VaPUC |9 360500 | |
| 650 | 7 | |a PETROGRAFIA |2 CL-VaPUC |9 362415 | |
| 650 | 7 | |a PETROLOGIA |2 CL-VaPUC |9 262839 | |
| 650 | 0 | |a Rocas |9 266105 | |
| 650 | 7 | |a GRANITO |2 CL-VaPUC |9 367599 | |
| 651 | 7 | |a CHILE |2 CL-VaPUC |9 367600 | |
| 651 | 0 | |a San Antonio (Valparaíso), Chile |9 359835 | |
| 651 | 0 | |a Valparaíso, Chile |9 261144 | |
| 583 | |a last modification |c 19960719 00:00:00 |k Rodrigo Vera | ||
| 490 | 0 | |a Boletín, 28 | |
| 999 | |c 250730 |d 250728 | ||
| 952 | |0 0 |1 0 |4 0 |6 553_520000000000000_COR_1972 |7 0 |8 A |9 269208 |a BIBING |b BIBING |d 2019-11-19 |i 1709674 |o 553.52 COR 1972 |p 1709674 |r 2025-01-20 |w 2019-11-19 |y BK |k GEO | ||
| 952 | |0 0 |1 0 |4 0 |6 553_520000000000000_COR_1972 |7 0 |8 A |9 269209 |a BIBING |b BIBING |d 2019-11-19 |i 1709720 |o 553.52 COR 1972 |p 1709720 |r 2025-01-20 |w 2019-11-19 |y BK |k GEO | ||